Koncept ESG ako rámec pre napĺňanie cieľov trvalo udržateľného rozvoja

Pre posudzovanie výkonnosti, rizikovosti a reputácie podnikov sa okrem tradičných finančných ukazovateľov využíva aj koncept ESG (Environmental, Social, Governance), ktorý definuje rámec pre komplexné hodnotenie environmentálnych, sociálnych a riadiacich aspektov podnikania. Tento prístup vznikol ak...

Ausführliche Beschreibung

Gespeichert in:
Bibliographische Detailangaben
1. Verfasser: Freňáková, Magdaléna, 1981-
Weitere Verfasser: Hvastová, Jozefína, 1969-
Format: Buchkapitel
Sprache:Slowakisch
Schlagworte:
Tags: Tag hinzufügen
Keine Tags, Fügen Sie das erste Tag hinzu!

MARC

LEADER 00000naa$a2200000$$$4500
001 0313944
005 20260114083106.7
041 0 |a slo 
044 |a SK 
245 1 0 |a Koncept ESG ako rámec pre napĺňanie cieľov trvalo udržateľného rozvoja  |c Magdaléna Freňáková, Jozefína Hvastová 
520 |a Pre posudzovanie výkonnosti, rizikovosti a reputácie podnikov sa okrem tradičných finančných ukazovateľov využíva aj koncept ESG (Environmental, Social, Governance), ktorý definuje rámec pre komplexné hodnotenie environmentálnych, sociálnych a riadiacich aspektov podnikania. Tento prístup vznikol ako systematické rozšírenie tradičného konceptu CSR (Corporate Social Responsibility). Z pôvodne dobrovoľného prístupu k zodpovednému podnikaniu sa ESG transformovalo na súbor systematicky hodnotených metrík, ktoré sa stali integrálnou súčasťou rozhodovania investorov, veriteľov a regulačných orgánov (Passas, 2024; Putzer a Posza, 2024). 
610 2 0 |a ESG 
610 2 0 |a udržateľnosť 
610 2 0 |a rozvoj trvalo udržateľný 
610 2 0 |a kvalita života 
610 2 0 |a Európska banka pre obnovu a rozvoj 
100 1 |a Freňáková, Magdaléna, 1981- 
700 1 |a Hvastová, Jozefína, 1969-